Statistics for Tennis Players Who Have Been No. 1 the Longest

Click here to take the quiz!

General Stats

  • This quiz has been taken 83 times
    (39 since last reset)
  • The average score is 9 of 11

Answer Stats

GenderWeeksAnswer% Correct
Male353Novak Djokovic
100%
Male310Roger Federer
97%
Female319Serena Williams
97%
Male209Rafael Nadal
94%
Male286Pete Sampras
91%
Female377Steffi Graf
88%
Female332Martina Navratilova
78%
Male268Jimmy Connors
63%
Female260Chris Evert
56%
Female209Martina Hingis
53%
Male270Ivan Lendl
50%

Score Distribution

Percentile by Number Answered

Percent of People with Each Score

Your Score History

You have not taken this quiz since the last reset